00808nam a2200193 a 450000500170000000800410001702000180005805000220007610000200009824500770011826000370019530000230023252001640025565000210041965000190044065000220045999900190048195201140050020140412111250.0030411s19uu xx 00 eng d a0-14-054219-1 aTR(PS EbAn7 1990 aTsutsui, Yoriko aAnna's special present /cby Yoriko Tsutsui ; pictures by Akiko Hayashi. aNew York :bPuffin Books,c1990. a1 v. (unp.) ; ill. aAnna hates it when her little sister Katy begs to play with her favorite doll; but, when Katy is sick in the hospital, Anna knows just right gift to cheer her. aSisters--Fiction aDolls--Fiction aSickness--Fiction c103099d103099 00104050aELbELcTRd2003-04-11eDonationl0oTR(PS E An7 1990pE3867r2014-04-12 00:00:00w2014-04-12yBK